Symphony No. 2 in C minor "Resurrection"

Bibliographic Details
Main Author: Mahler, Gustav, 1860-1911 (Author)
Corporate Authors: Česká filharmonie (uci), Sbor České filharmonie (roz)
Other Authors: Beňačková-Čápová, Gabriela, 1947- (roz), Randová, Eva (roz), Veselka, Josef (uci)
Format: Book
Language:German
PhysicalDescription:1 s.
Published: Praha Supraphon 1992

MARC

LEADER 00000nam a2200000 a 4500
001 vtls001253613
003 SK-MaSNL
005 20260301003542.0
008 250414s1992 CS 0 ger
035 |a SNK000204432 
040 |a SNK  |b slo  |c SNK  |e AACR2 
041 0 |a ger 
044 |a [CS] 
080 |a 785.11  |2 1981 
100 1 |a Mahler, Gustav,  |d 1860-1911  |4 aut  |9 123158 
245 1 0 |a Symphony No. 2 in C minor "Resurrection"  |h Audiozáznam  |c Gustav Mahler ; Spieva Sbor české filharmonie, Hrá Česká filharmonie ; Spieva Gabriela Beňačková, Eva Randová ; Zborm. Josef Veselka ; Dir. Václav Neumann 
260 |a Praha  |b Supraphon  |c 1992 
300 |a 1 s. 
700 1 |a Beňačková-Čápová, Gabriela,  |d 1947-  |4 roz  |9 192648 
700 1 |a Randová, Eva  |4 roz  |9 285023 
700 1 |a Veselka, Josef  |4 uci  |9 284875 
700 1 |a Neumann, Václav  |4 dir  |9 285024 
710 0 |a Česká filharmonie  |4 uci  |9 145789 
710 2 |a Sbor České filharmonie  |4 roz  |9 285025 
852 |a Slovenská národná knižnica 
954 |a hudba symfonická  |a symfónie 
999 |c 539701  |d 541631 
952 |t P60, <03>, [BOOK], {603}  |a SNK  |b SNK  |y PREZ  |7 0  |p 17A0139238  |o snkSCD 201  |i snkJK 39/93  |0 0  |1 0  |4 0  |d 1998-07-14  |l 0  |r 2005-01-01 00:00:00  |w 2026-02-23